| 000 | 00541nam a2200169 i 4500 | ||
|---|---|---|---|
| 001 | 63084 | ||
| 003 | ES-MaACL | ||
| 005 | 20230906164802.0 | ||
| 007 | t| | ||
| 008 | 031128s1979 sp ||||1| spa d | ||
| 100 | 1 |
_aFernández Viña, José Antonio. _950167 |
|
| 245 | 1 | 0 |
_aEjercicios y complementos de análisis matemático I / _cJosé Antonio Fernández Viña, Eva Sánchez Mañes. |
| 260 |
_aMadrid : _bTecnos, _c[1979] |
||
| 300 |
_a652 p. ; _c24 cm. |
||
| 700 | 1 |
_aSánchez Mañes, Eva. _9102750 |
|
| 852 |
_aES-MaACL _jA-10321 _bR.99568 |
||
| 999 |
_c63084 _d63084 |
||